10 największych miast w Polsce (powierzchnia) - Statystyki

Ogólne statystyki
  • Ten quiz został rozwiązany 532 razy
  • Średni wynik to 8 z 10
Statystyki odpowiedzi
Lp Miasto Powierzchnia (ha) Województwo % Poprawnych
1. Warszawa 51 724 mazowieckie
100%
2. Kraków 32 685 małopolskie
97%
4. Łódź 29 325 łódzkie
97%
7. Gdańsk 26 196 pomorskie
96%
5. Wrocław 29 282 dolnośląskie
96%
3. Szczecin 30 060 zachodniopomorskie
94%
8. Poznań 26 191 wielkopolskie
92%
6. Zielona Góra 27 832 lubuskie
77%
9. Świnoujście 20 207 zachodniopomorskie
50%
10. Dąbrowa Górnicza 18 873 śląskie
33%
Nie znaleziono quizów pasujących do podanych kryteriów
Rozkład punktacji
Procent ludzi z każdym wynikiem
Percentyl według liczby udzielonych odpowiedzi
Twoja historia wyników
Nie rozwiązałeś tego quizu